00000000nam##2200000za#4500
0019.682300
003CaOODSP
00520220125150626
007ta
008150407|2004||||xxc|||||     f|0| 0 fre|d
020 |a0-660-96873-8
040 |aCaOODSP|bfre
043 |an-cn---
0861 |aD61-15/2004F
1101 |aCanada. |bMinistère de la défense nationale. |bService historique.
24510|aLes mille et un défis de la paix : |bles praticiens médicaux des Forces canadiennes depuis la Deuxième Guerre mondiale / |cpar Bill Rawling.
260 |aOttawa - Ontario : |bDéfense nationale. |c2004.
300 |a418p. : |bill., références, index ; |c23 cm.
5203 |aCe livre décrit la façon dont on a organisé, pratiqué et soutenu les soins de santé dans les armes combattantes canadiennes à compter des premiers jours de paix qui ont suivi la Seconde Guerre mondiale jusqu’aux opérations militaires de la fin du vingtième siècle. Il ne se concentre pas seulement sur ce que les médecins praticiens ont réalisés, mais aussi sur leur recrutement, leur formation, leur déploiement et leur approvisionnement. Auteur de « La mort pour ennemi : la médecine militaire canadienne », Bill Rawling est historien au ministère de la Défense nationale du Canada.
563 |aCouverture souple
590 |a04-28|b2004-07-09
7201 |aRawling, Bill
77508|tThe myriad challenges of peace : |w(CaOODSP)9.649059
7760#|tLes mille et un défis de la paix : |w(CaOODSP)9.643622